Expedition Ernst von Sieglin / 2. Die griechisch-ägyptische Sammlung 1a,taf Malerei und Plastik / bearb. von Carl Watzinger

Saved in:  
Bibliographic Details
Authors: Sieglin, Ernst von 1848-1927 (Author) ; Watzinger, Carl 1877-1948 (Adapter)
Format: Print Book
Language:German
Subito Delivery Service: Order now.
Check availability: HBZ Gateway
WorldCat: WorldCat
Interlibrary Loan:Interlibrary Loan for the Fachinformationsdienste (Specialized Information Services in Germany)
Published: Leipzig Giesecke & Devrient 1927
In: Expedition Ernst von Sieglin Ausgrabungen in Alexandria
Year: 1927

MARC

LEADER 00000cam a22000002cc4500
001 1124664203
003 DE-627
005 20251224222559.0
007 tu
008 961004s1927 xx ||||| 00| ||ger c
035 |a (DE-627)1124664203 
035 |a (DE-576)054664209 
035 |a (DE-599)BSZ054664209 
035 |a (OCoLC)312398475 
040 |a DE-627  |b ger  |c DE-627  |e rakwb 
041 |a ger 
082 0 |a 938 
082 0 |a 932 
082 0 |a 732 
084 |a 6,21  |a 6,22  |2 ssgn 
100 1 |0 (DE-588)119151340  |0 (DE-627)079946844  |0 (DE-576)211409952  |4 aut  |a Sieglin, Ernst von  |d 1848-1927 
109 |a Sieglin, Ernst von 1848-1927  |a Sieglin, Ernst 1848-1927  |a Von Sieglin, Ernst 1848-1927  |a Sieglin, Ernst Wilhelm von 1848-1927 
245 1 0 |a Expedition Ernst von Sieglin  |p 2. Die griechisch-ägyptische Sammlung  |n 1a,taf  |p Malerei und Plastik / bearb. von Carl Watzinger  |c unter Leitung von Theodor Schreiber... Hrsg. von Ernst Sieglin 
264 1 |a Leipzig  |b Giesecke & Devrient  |c 1927 
300 |a IV S., L Taf.  |b nur Ill. 
336 |a Text  |b txt  |2 rdacontent 
337 |a ohne Hilfsmittel zu benutzen  |b n  |2 rdamedia 
338 |a Band  |b nc  |2 rdacarrier 
583 1 |a Archivierung/Langzeitarchivierung gewährleistet  |f SSG  |x XA-DE-BW  |2 pdager  |5 DE-21 
583 1 |a Archivierung/Langzeitarchivierung gewährleistet  |f SSG  |x XA-DE-BW  |2 pdager  |5 DE-16 
601 |a Expedition 
601 |a Sieglin, Ernst 
601 |a Sammlung 
700 1 |e Bearb.  |0 (DE-588)117152064  |0 (DE-627)133375269  |0 (DE-576)163488290  |4 adp  |a Watzinger, Carl  |d 1877-1948 
773 1 8 |a Expedition Ernst von Sieglin Ausgrabungen in Alexandria  |w (DE-627)112406981X  |w (DE-576)054069815  |g 2,1B,Taf  |q 2,1B,Taf  |7 nnam 
951 |a MV 
BIB |a 1 
ELC |b 1 
ITA |a 1  |t 1 
LOK |0 000 xxxxxcx a22 zn 4500 
LOK |0 001 2290443204 
LOK |0 003 DE-627 
LOK |0 004 1124664203 
LOK |0 005 20120521101831 
LOK |0 008 000118||||||||||||||||ger||||||| 
LOK |0 040   |a DE-21  |c DE-627  |d DE-21 
LOK |0 852   |a DE-21 
LOK |0 852 1  |c Da 121.2-2,1,B,TAF  |9 00 
LOK |0 935   |a dika  |a alto 
LOK |0 936ln  |a t16.9 
LOK |0 939   |a 18-01-00  |b l01 
LOK |0 000 xxxxxcx a22 zn 4500 
LOK |0 001 2290443212 
LOK |0 003 DE-627 
LOK |0 004 1124664203 
LOK |0 005 20210525090243 
LOK |0 008 040820||||||||||||||||ger||||||| 
LOK |0 040   |a DE-21-11  |c DE-627  |d DE-21-11 
LOK |0 541   |e K2175 
LOK |0 852   |a DE-21-11 
LOK |0 852 1  |c KLA Cc Alex 11-2,1b-TAF  |m p  |9 00 
LOK |0 852 2  |b Folio-Raum  |9 00 
LOK |0 935   |a folr  |a i011  |a k011  |a klar 
LOK |0 938   |k p 
LOK |0 939   |a 20-08-04  |b l01 
ORI |a SA-MARC-ixtheoa001.raw 
REL |a 1 
SUB |a BIB  |a REL